| 000 -LEADER |
| fixed length control field |
00858nam a2200229Ia 4500 |
| 001 - CONTROL NUMBER |
| control field |
5051 |
| 003 - CONTROL NUMBER IDENTIFIER |
| control field |
GE_BSU |
| 008 - FIXED-LENGTH DATA ELEMENTS--GENERAL INFORMATION |
| fixed length control field |
181216s||||||||xx |||||||||||||| ||und|| |
| 040 ## - CATALOGING SOURCE |
| Transcribing agency |
GE_BSU |
| 080 ## - UNIVERSAL DECIMAL CLASSIFICATION NUMBER |
| Universal Decimal Classification number |
624.012.45 |
| 100 ## - MAIN ENTRY--PERSONAL NAME |
| Personal name |
Хулицкий,И.И. Ривкин,С.А. Самолетов,М.В. и др. |
| 245 ## - TITLE STATEMENT |
| Title |
Жележобетонные конструкции(расчет и конструирование) |
| 245 ## - TITLE STATEMENT |
| Statement of responsibility, etc. |
Под ред. С.А.Ривкина, Ред. В.А.Кочан, Э.А.Полторацкая и др. |
| 250 ## - EDITION STATEMENT |
| Edition statement |
изд.3-е, перераб. и дополн. |
| 260 ## - PUBLICATION, DISTRIBUTION, ETC. |
| Place of publication, distribution, etc. |
Киев. |
| 260 ## - PUBLICATION, DISTRIBUTION, ETC. |
| Name of publisher, distributor, etc. |
Будiвельник. |
| 260 ## - PUBLICATION, DISTRIBUTION, ETC. |
| Date of publication, distribution, etc. |
1973. |
| 300 ## - PHYSICAL DESCRIPTION |
| Extent |
992стр.с илл.27см.Библиогр.:стр.990. |
| 300 ## - PHYSICAL DESCRIPTION |
| Accompanying material |
табл. |
| 653 ## - INDEX TERM--UNCONTROLLED |
| Uncontrolled term |
Жележобетонные конструкции. |
| 942 ## - ADDED ENTRY ELEMENTS (KOHA) |
| Koha item type |
წიგნი |